PHOSPHORUS RETENTION IN VOLCANIC SOILS OF SLOVAKIA

Bibliographic Details
Main Authors: Balkovič, Juraj (Author), Slivková, Katarína (hydrologička) (Author)
Format: Article
Language:Slovak
English

MARC

LEADER 00000nab a2200000 a 4500
001 vtls010728243
003 SK-MaSNL
005 20260304191949.0
008 250709s2002 xo |||||||||||||||||slo|
035 |a (urnnbn)urn:nbn:sk:snk:ar-a051uv 
035 |a (uuid)9aa19ec1-8afe-4fd2-aa41-fe0780914760 
035 |a urn:nbn:sk:snk-ab3ris 
040 |a SNKBUCL  |b slo  |c SNKBUCL  |e AACR2 
041 0 |a eng 
044 |a xo  |c SK 
100 1 |a Balkovič, Juraj  |4 aut  |9 8765 
245 1 0 |a PHOSPHORUS RETENTION IN VOLCANIC SOILS OF SLOVAKIA  |c Juraj Balkovič, Katarína Slivková 
700 1 |a Slivková, Katarína  |c (hydrologička)  |4 aut  |9 775486 
773 0 |t Phytopedon (Bratislava) : journal of soil science  |g Roč. 1, č. 1 (2002), s. 78-85 
850 |a Slovenská národná knižnica 
852 |a Slovenská národná knižnica 
958 |a article1 
958 |a OND 
958 |a EUIPO 
999 |c 3057768  |d 3059698